| 000 | 00465nam a2200193Ia 4500 | ||
|---|---|---|---|
| 008 | 180207s9999 xx 000 0 und d | ||
| 020 | _a439287219 | ||
| 050 | _bM466 2001 | ||
| 100 | _aMay, Darcy | ||
| 245 | _aJingle bells / | ||
| 245 | _cillustrated by Darcy May. | ||
| 260 | _aNew York : | ||
| 260 | _bScholastic, | ||
| 260 | _c2001 | ||
| 300 | _aunpaged : | ||
| 300 | _bcolor illustration ; | ||
| 300 | _c20cm. | ||
| 440 | _aSing and read storybook. | ||
| 999 |
_c355371 _d355371 |
||